LEADER 01083cam0 22002531 450 001 SOBE00068569 005 20211124125140.0 100 $a20211124i1976 |||||ita|0103 ba 101 $aita 102 $aIT 200 1 $a<>sistema scolastico italiano$ela realtà di oggi e le prospetttive di partecipazione, sperimentazione e programmazione$fV. Telmon ... [et al.] 210 $aFirenze$cLe Monnier$dstampa 1976 215 $a141 p.$d19 cm 225 2 $aPiccola enciclopedia di scienze dell'educazione 410 1$1001SOBE00067903$12001 $a*Piccola enciclopedia di scienze dell'educazione 801 0$aIT$bUNISOB$c20211124$gRICA 850 $aUNISOB 852 $aUNISOB$jFondo|Frauenfelder$m174318 912 $aSOBE00068569 940 $aM 102 Monografia moderna SBN 941 $aM 957 $aFondo|Frauenfelder$b000482$gSI$d174318$n20210224$hFrauenfelder$rDono$1rovito$2UNISOB$3UNISOB$420211124124547.0$520211124124619.0$6rovito$fPer le modalità di consultazione vedi homepage della Biblioteca link Fondi 996 $aSistema scolastico italiano$9453541 997 $aUNISOB